000 01072nam a2200277 a 4500
001 BRCA_7641
005 20190320205926.0
008 071108m19271928fi-#######---#000-0#fin-u
041 _afin
044 _afi
084 _aPQ6323
_b.C47 fin 1927
100 1 _aCervantes Saavedra, Miguel de
_d1547-1616
_9213
245 1 0 _aMieleva Hidalgo Don Quijote Manchalainen
_ckirjoittanut Miguel de Cervantes Saavedra ; espanjankielestä suomentanut J. Hollo.
260 _aPorvoo, Finlandia
_bWerner Söderström Osakeyhtiö
_c1927-1928
300 _a4 v.
_c23 cm.
500 _aLibros donados por el Sr. Kimmo Pulkkinen, Embajador de Finlandia, 9/V/1997
546 _aTexto en : finlandés
650 1 4 _aNovela española
_yÉpoca clásica, 1500-1700
_9215
650 1 4 _aLiteratura española
_yÉpoca clásica, 1500-1700
_9216
650 1 4 _aNovela española
_ySiglo XVII
_9217
650 1 4 _aDon Quijote (Personaje ficticio)
_eNovela
_9218
700 1 _aHollo, J.
_eTraductor
_918848
740 0 _aEl Ingenioso Hidalgo Don Quijote de la Mancha
902 _aQAG
942 _2lcc
_cB
999 _c7315
_d7315